000
00330nam a2200133Ia 4500
008
240624s9999 xx 000 0 und d
041
_a
eng
082
_a
657 JON
100
_a
JONES MICHAEL
245
_a
ACCOUNTING FOR NON SPECIALIST
260
_c
2005
_a
England
_b
John Wiley
300
_a
xix, : 596 : p. : cm. ; 24
365
_c
RS
999
_c
3073
_d
3073